| 000 | 00821nam a2200229Ia 4500 | ||
|---|---|---|---|
| 008 | 191130s2001##################000#0#eng## | ||
| 020 | _a9781402001628 | ||
| 022 | _a2001052590 | ||
| 040 |
_aACL _cACL |
||
| 082 | _a660.6 CHE | ||
| 245 |
_aAlgae and their biotechnological potential : proceedings of the 4th Asia-Pacific conference on algal biotechnology, 3-6 July 2000 in Hong Kong _cedited by Feng Chen and Yue Jiang |
||
| 260 |
_aBoston _bKluwer Academic Publishers _c2001 |
||
| 300 | _aix, 306 p. : ill., maps ; 25 cm | ||
| 500 | _aIncludes index | ||
| 650 | _aAlgae - Biotechnology | ||
| 700 | _aChen, Feng | ||
| 700 | _aJiang, Yue | ||
| 710 | _aAsia-Pacific Conference on Algal Biotechnology (4th : 2000 Hong Kong) | ||
| 990 | _afb925649ac10000c2f37655de5540678 | ||
| 991 | _a257148 | ||
| 999 |
_c365628 _d365628 |
||